banner koha

Os 150 anos da agricultura (Registro n. 333625)

MARC details
000 -LÍDER
fixed length control field 00935nab a2200289 4500
003 - CÓDIGO MARC DA AGÊNCIA CATALOGADORA
Campo de controle BR-BrBNA
005 - DATA E HORA DA ÚLTIMA ATUALIZAÇÃO
Campo de controle 20250716110541.0
008 - CAMPO DE TAMANHO FIXO
fixed length control field 250716b bl.||||| |||| 00| 0 por d
040 ## - FONTE DA CATALOGAÇÃO
Agência catalogadora BR-BrBNA
Idioma da catalogação por
072 ## - CATEGORIA AGRIS
Código AGRIS D10 ; A01 ; E10 ; B50 ; A50 ; E71 ; E72
100 ## - ENTRADA PRINCIPAL - NOME PESSOAL
Nome pessoal Borges, Rodolfo
245 ## - TÍTULO PRINCIPAL
Título principal Os 150 anos da agricultura
Subtítulo Agroeconomia
500 ## - NOTA GERAL
Nota geral 7 illus.
942 ## - ADDED ENTRY ELEMENTS (KOHA)
Koha item type Analítica
650 ## - ASSUNTO - THESAGRO
Cabeçalho tópico ou nome geográfico BRASIL
650 ## - ASSUNTO - THESAGRO
Cabeçalho tópico ou nome geográfico ADIMISTRAÇÃO PÚBLICA
650 ## - ASSUNTO - THESAGRO
Cabeçalho tópico ou nome geográfico POLÍTICA AGRÍCOLA
650 ## - ASSUNTO - THESAGRO
Cabeçalho tópico ou nome geográfico AGRICULTURA
650 ## - ASSUNTO - THESAGRO
Cabeçalho tópico ou nome geográfico AGRONEGÓCIO
650 ## - ASSUNTO - THESAGRO
Cabeçalho tópico ou nome geográfico HISTÓRIA
650 ## - ASSUNTO - THESAGRO
Cabeçalho tópico ou nome geográfico PESQUISA AGROPECUÁRIA
650 ## - ASSUNTO - THESAGRO
Cabeçalho tópico ou nome geográfico PRODUTIVIDADE
650 ## - ASSUNTO - THESAGRO
Cabeçalho tópico ou nome geográfico MERCADO INTERNO
650 ## - ASSUNTO - THESAGRO
Cabeçalho tópico ou nome geográfico MERCADO INTERNACIONAL
773 0# - ENTRADA ANALÍTICA
Host Biblionumber 1706
Registro do item 347976
Imprenta São Paulo-SP Editora Três Ltda - E-mail: luizfsa@revistadinheiro.com.br 2004
Outro identificador 2025-0475
Título Dinheiro Rural (Brazil)
ISSN 1807-3700
Colação v. 6(71) p. 30-31; (Sep 2010)
Número de controle de registro BR2025003793

Nenhum exemplar disponível.

BINAGRI

Telefone: (61)3218-2567/2388/3357/2097 - binagri@agro.gov.br

Ministério da Agricultura e Pecuária , Esplanada dos Ministérios, Bloco D, Anexo B, Brasília/DF, CEP: 70.043-900